00484nam a2200193 a 4500001001300000003000900013005001700022008004100039020002400080082001600104100001600120245002600136260003700162300000900199500003500208505001000243650002100253700001600274nice12345678IN_TiNIC20260116014052.0050524s1995 newa grp 000 0 eng  a0879754 c119300a248.24bWAR aWarraq, Ibn aWhy I Am Not a Muslim aNew YorkbPrometheus Book c1995 a402p aincludes index and biblioraphy2 aIndex aConversion-Islam1 aWarraq, Ibn